Music Quiz

Random Music or Artist Quiz

One week #1's - 1980s Quiz Stats

 Plays Quiz not verified by Sporcle

Challenge
Share
Tweet
Embed
Score 0/93 Timer 10:00
0 Plays Today
Artist Song Title % Correct
Dexys Midnight RunnersCome On Eileen
82.7%
a-haTake On Me
79.9%
Toni BasilMickey
76.3%
Robert PalmerAddicted To Love
76.3%
TotoAfrica
75.5%
Peter GabrielSledgehammer
74.8%
Christopher CrossSailing
74.1%
BerlinTake My Breath Away
73.4%
EurythmicsSweet Dreams (Are Made Of This)
72.7%
UB40Red Red Wine
72.7%
Men At WorkDown Under
71.9%
Simple MindsDon't You (Forget About Me)
71.2%
Pet Shop BoysWest End Girls
70.5%
The Beach BoysKokomo
69.8%
Fine Young CannibalsShe Drives Me Crazy
68.3%
BananaramaVenus
65.5%
Terence Trent D'ArbyWishing Well
64%
Rupert HolmesEscape (The Pina Colada Song)
62.6%
VangelisChariots Of Fire
61.9%
David BowieLet's Dance
60.4%
Steve WinwoodHigher Love
60.4%
Bruce Hornsby & The RangeThe Way It Is
60.4%
WhitesnakeHere I Go Again
59.7%
John WaiteMissing You
59%
Bill Medley & Jennifer Warnes(I've Had) The Time Of My Life)
59%
The Human LeagueHuman
57.6%
Bette MidlerWind Beneath My Wings
57.6%
StarshipSara
56.8%
Bon JoviYou Give Love A Bad Name
56.1%
INXSNeed You Tonight
56.1%
The Escape ClubWild, Wild West
54.7%
Artist Song Title % Correct
Mike + The MechanicsThe Living Years
54.7%
George HarrisonGot My Mind Set On You
54%
BlondieThe Tide Is High
53.2%
Jan HammerMiami Vice Theme
53.2%
Belinda CarlisleHeaven Is A Place On Earth
53.2%
REO SpeedwagonKeep On Loving You
52.5%
Men At WorkWho Can It Be Now
52.5%
BanglesEternal Flame
51.8%
GenesisInvisible Touch
51.1%
Gregory AbbottShake You Down
49.6%
New Kids On The BlockHangin' Tough
49.6%
Phil CollinsSussudio
48.9%
Bobby BrownMy Prerogative
48.9%
RoxetteThe Look
48.9%
Ready For The WorldOh Sheila
48.2%
Simply RedHolding Back The Years
48.2%
Phil Collins & Marilyn MartinSeparate Lives
47.5%
Atlantic StarrAlways
47.5%
Paul YoungEverytime You Go Away
46.8%
Michael JacksonDirty Diana
45.3%
Kim WildeYou Keep Me Hangin' On
44.6%
Bob SegerShakedown
44.6%
Rick AstleyTogether Forever
44.6%
Stevie WonderPart-Time Lover
43.9%
Peter Cetera & Amy GrantThe Next Time I Fall
43.9%
MadonnaLive To Tell
42.4%
Billy IdolMony Mony
42.4%
Michael DamianRock On
42.4%
Will to PowerBaby, I Love Your Way/Freebird Medley
41.7%
Daryl Hall & John OatesI Can't Go For That (No Can Do)
41%
SheriffWhen I'm With You
41%
Artist Song Title % Correct
Fine Young CannibalsGood Thing
41%
Stars On 45Stars On 45 Medley
39.6%
MadonnaCrazy For You
39.6%
Whitney HoustonSaving All My Love For You
39.6%
KC and the Sunshine BandPlease Don't Go
38.8%
Captain & TennilleDo That To Me One More Time
38.8%
ExposeSeasons Change
38.8%
MadonnaOpen Your Heart
37.4%
Def LeppardLove Bites
37.4%
Billy JoelTell Her About It
36.7%
HeartThese Dreams
36.7%
Huey Lewis & The NewsJacob's Ladder
36%
Lisa Lisa & Cult JamHead To Toe
36%
Michael Jackson & Siedah GarrettI Just Can't Stop Loving You
36%
Lisa Lisa & Cult JamLost In Emotion
36%
MadonnaWho's That Girl
35.3%
Michael JacksonThe Way You Make Me Feel
34.5%
PrinceBatdance
34.5%
Simply RedIf You Don't Know Me By Now
33.1%
Whitney HoustonSo Emotional
30.2%
Richard MarxSatisfied
28.8%
Air SupplyThe One That You Love
28.1%
Paula AbdulCold Hearted
27.3%
Debbie GibsonFoolish Beat
26.6%
Richard MarxHold On To The Nights
26.6%
RoxetteListen To Your Heart
26.6%
Bon JoviI'll Be There For You
25.9%
Billy OceanThere'll Be Sad Songs (To Make You Cry)
25.2%
New Kids On The BlockI'll Be Loving You (Forever)
20.1%
Milli VanilliBaby Don't Forget My Number
18%
Gloria EstefanDon't Wanna Lose You
17.3%

You're not logged in!

Compare scores with friends on all Sporcle quizzes.
Join for Free
OR
Log In

You Might Also Like...

Show Comments

Extras

Top Quizzes Today


Score Distribution

Your Account Isn't Verified!

In order to create a playlist on Sporcle, you need to verify the email address you used during registration. Go to your Sporcle Settings to finish the process.

Report this User

Report this user for behavior that violates our Community Guidelines.

Details: